Top 100 Houston Texans of All Time - Statistics

General Stats
  • This quiz has been taken 68 times
  • The average score is 21 of 100
Answer Stats
Position Player % Correct
DE J.J. Watt
97%
WR Andre Johnson
94%
WR DeAndre Hopkins
94%
DT Travis Johnson
89%
QB Matt Schaub
84%
RB Arian Foster
82%
QB DeShaun Watson
76%
LB Brian Cushing
61%
QB David Carr
60%
S C.C. Brown
53%
OT Duane Brown
53%
S Eric Brown
53%
DE Jadeveon Clowney
53%
K Kris Brown
53%
DE Antonio Smith
48%
DE Robaire Smith
48%
G Wade Smith
48%
DE Mario Williams
47%
CB Johnathan Joseph
45%
CB Kareem Jackson
44%
WR Will Fuller
40%
C/G Ben Jones
35%
WR Jacoby Jones
35%
RB Lamar Miller
35%
TE Billy Miller
34%
LB Demeco Ryans
34%
TE Owen Daniels
34%
LB Brooks Reed
29%
NT Vince Wilfork
29%
LB Whitney Mercilus
26%
RB Alfred Blue
23%
LB Benardrick McKinney
21%
WR David Anderson
21%
C Steve McKinney
21%
C Chris Myers
18%
QB Ryan Fitzpatrick
18%
LB Zach Cunningham
18%
LB Connor Barwin
16%
C Nick Martin
16%
S Tyrann Mathieu
16%
CB Aaron Glenn
15%
CB Dunta Robinson
15%
S Glover Quin
15%
LS Jon Weeks
15%
WR Andre Davis
11%
S Danieal Manning
11%
RB Domanick Davis
11%
WR Kevin Walter
11%
NT D.J. Reader
10%
DE Gary Walker
10%
NT Shaun Cody
10%
G Chester Pitts
8%
P Shane Lechler
8%
CB A.J. Bouye
6%
DT Amobi Okoye
6%
S Andre Hal
6%
DL Anthony Weaver
6%
G Brandon Brooks
6%
CB DeMarcus Faggins
6%
OT Eric Winston
6%
LB Jamie Sharper
6%
C Mike Flanagan
6%
OT Derek Newton
5%
TE Ryan Griffin
5%
QB Sage Rosenfels
5%
LB Akeem Dent
3%
G Antoine Caldwell
3%
RB Ben Tate
3%
DT Brandon Dunn
3%
T Chris Clark
3%
DL Christian Covington
3%
TE C.J. Fiedorowicz
3%
DT Earl Mitchell
3%
DT Jared Crick
3%
DE Jason Babin
3%
LB Jay Foreman
3%
TE Joel Dreessen
3%
G Mike Brisiel
3%
S Quintin Demps
3%
NT Seth Payne
3%
LB Shantee Orr
3%
RB Steve Slaton
3%
LB Antwan Peek
2%
S Bernard Pollard
2%
CB Brice McCain
2%
WR Corey Bradford
2%
T Ephraim Salaam
2%
G Fred Weary
2%
C/G Greg Mancz
2%
WR Jabar Gaffney
2%
DL Jerry Deloach
2%
LB Kailee Wong
2%
T Kendall Lamm
2%
CB Marcus Coleman
2%
LB Morlon Greenwood
2%
RB Ron Dayne
2%
G Seth Wand
2%
G Xavier Su'a-filo
2%
LB Zach Diles
2%
G/T Zach Wiegert
2%
No matching quizzes found
Score Distribution
Percent of People with Each Score
Percentile by Number Answered
Your Score History
You have not taken this quiz